| 000 | 00601nam a2200193Ia 4500 | ||
|---|---|---|---|
| 008 | 191130s2009##################000#0#eng## | ||
| 020 | _a9781849710480 | ||
| 040 |
_aACL _cACL |
||
| 082 | _a338 RAN | ||
| 100 | _aRandel, Judith | ||
| 245 |
_aThe reality of aid 1996: an independent review of international aid (aid and development set) _cJudith Randel, Tony German |
||
| 260 |
_aLondon _bEarthscan _c2009 |
||
| 300 | _ax, 244 p. ; 23 cm | ||
| 650 | _aProduction Economics | ||
| 700 | _aGerman, Tony | ||
| 990 | _a66db8cd8ac10000c5a8ea9d214bfc866 | ||
| 991 | _a180889 | ||
| 999 |
_c293354 _d293354 |
||